Fondation de la Société Générale des Prisons / (Record no. 152834)

MARC details
000 -LEADER
campo de control de longitud fija 01164nam a2200241 i 4500
001 - NÚMERO DE CONTROL
campo de control 152834
003 - IDENTIFICADOR DE NÚMERO DE CONTROL
campo de control ES-MaACL
005 - FECHA Y HORA DE LA ÚLTIMA TRANSACCIÓN
campo de control 20250719062536.0
008 - DATOS DE LONGITUD FIJA--INFORMACIÓN GENERAL
campo de control de longitud fija 051019s1877 fr |||| | fre d
100 1# - ENTRADA PRINCIPAL--NOMBRE DE PERSONA
Nombre de persona Bujon, Pierre.
9 (RLIN) 126230
245 10 - MENCIÓN DEL TÍTULO
Título Fondation de la Société Générale des Prisons /
Mención de responsabilidad, etc. par P. Bujon.
260 ## - PUBLICACIÓN, DISTRIBUCIÓN, ETC.
Lugar de publicación, distribución, etc. Paris :
Nombre del editor, distribuidor, etc. [s.n.,
Fecha de publicación, distribución, etc. ca. 1877] (
Fabricante Imp. Arnous de Rivière)
300 ## - DESCRIPCIÓN FÍSICA
Extensión 16 p. ;
Dimensiones 21 cm.
500 ## - NOTA GENERAL
Nota general Extrait de la Revue critique de legislation et de jurisprudence
594 ## - Nota al título y mención de responsabilidad
Nota al título y mención de responsabilidad Ejemp. falto de port., datos tomados de la obra.
596 ## - NOTA AL PIE DE IMPRENTA
NOTA AL PIE DE IMPRENTA En el texto consta la fecha de 1877.
610 24 - PUNTO DE ACCESO ADICIONAL DE MATERIA--NOMBRE DE ENTIDAD CORPORATIVA
Nombre de entidad corporativa o nombre de jurisdicción como elemento de entrada Société Générale des Prisons.
9 (RLIN) 167516
852 ## - LOCALIZACIÓN
Ubicación ES-MaACL
Número de control de estantería D-273(1)
itemnumber 158377
Sublocalización o colección R.FOLL.12/1
Ubicación en estantería Sala Valle Inclán
Donativo/Legado Donación: Francisco Lastres y Juiz
Encuadernación Encuadernación holandesa
-- Encuadernado con otras obras formando un volumen facticio
Signatura antigua Olim: 193-C-3
Marcas de propiedad Sello en tinta en verso de hoja de guarda del volumen: "Donativo del Sr. Lastres al Ateno de Madrid, 1907".
903 ## - NOMBRE PERSONAL DE DONANTE
a Lastres y Juiz, Francisco,
d 1848-1918
q 1
e Donante
9 70504
942 ## - ELEMENTOS DE ENTRADA SECUNDARIOS (KOHA)
Fuente del sistema de clasificación o colocación Clasificación decimal universal
Tipo de ítem Koha Folleto
Holdings
Estatus retirado Estado de pérdida Fuente del sistema de clasificación o colocación Estado de daño No para préstamo Colección Biblioteca de origen Biblioteca actual Ubicación en estantería Fecha de adquisición Fuente de adquisición Total de préstamos Signatura topográfica completa Código de barras Visto por última vez Precio de reemplazo Tipo de ítem Koha
    Clasificación decimal universal     Colección de folletos Biblioteca del Ateneo de Madrid Biblioteca del Ateneo de Madrid Sala Valle Inclán 17/01/2008 Donación   D-273(1) 901159624 23/02/2023 23/02/2023 Folleto